Champions League players with 100+ matches - Statistics

General Stats
  • This quiz has been taken 94 times
  • The average score is 41 of 51
Answer Stats
games and clubs Answer % Correct
183 (Manchester united / Real Madrid /Juventus) Cristiano Ronaldo
100%
163 (FC Barcelona / PSG) Lionel Messi
100%
130 (FC Barcelona) Andrés Iniesta
98%
142 (FC Sevilla / Real Madrid / PSG) Sergio Ramos
98%
124 (Ajax / Juventus / FC Inter Milan / FC Barcelona / AC Milan / PSG / Manchester United) Zlatan Ibrahimović
98%
112 (VFB Stuttgart / FC Bayern Munich) Philipp Lahm
97%
163 (FC Bayern Munich) Thomas Muller
97%
151 (FC Barcelona) Xavi
97%
151 (Schalke 04 / FC Bayern Munich) Manuel Neuer
94%
133 (Borussia Dortmund / FC Bayern Munich / FC Barcelona) Robert Lewandowski
92%
129 (FC Barcelona) Sergio Busquets
92%
152 (Olympique Lyonnais / Real Madrid) Karim Benzema
91%
177 (Real Madrid / FC Porto) Iker Casillas
89%
142 (Tottenham hotspur / Real Madrid) Luka Modrić
89%
142 (Real Madrid / Schalke 04) Raul
89%
151 (FC Bayern / Real Madrid) Toni Kroos
89%
124 (Parma / Juventus / PSG) Gianluigi Buffon
87%
112 (AS Monaco / Arsenal / FC Barcelona) Thierry Henry
87%
105 (Chelsea / Manchester City) Frank Lampard
86%
100 (Dynamo Kyiv / AC Milan / Chelsea) Andriy Shevchenko
85%
106 (Real Sociedad / FC Barcelona / Atletico Madrid) Antoine Griezmann
85%
128 (Manchester United / FC Barcelona) Gerard Piqué
85%
141 (Manchester United) Ryan Giggs
85%
109 (AC Milan) Paolo Maldini
84%
119 (Real Sociedad / Liverpool / Real Madrid / FC Bayern Munich) Xabi Alonso
83%
115 (FC Barcelona) Carles Puyol
82%
124 (Manchester United) Paul Scholes
82%
110 (PSV / Chelsea / Real Madrid / FC Bayern Munich) Arjen Robben
80%
111 (Sparta Prague / Chelsea / Arsenal) Petr Čech
80%
109 (Chelsea) John Terry
79%
116 (Benfica /Real Madrid / PSG / Juventus) Angel Di Maria
76%
107 (Manchester United / Real Madrid / AC Milan / PSG) David Beckham
76%
120 (Real Madrid / Besiktas / FC Porto) Pepe
76%
105 ( AC Milan / PSG / Chelsea) Thiago Silva
75%
108 (PSG) Marquinhos
74%
108 (FC Inter Milan / AC Milan / Juventus) Andrea Pirlo
72%
106 (FC Barcelona) Victor Valdés
72%
111 (FC Sevilla / FC Barcelona / Juventus / PSG) Dani Alves
71%
103 (FC Barcelona / Real Madrid / FC Inter Milan) Luís Figo
70%
125 (Ajax / Real Madrid / AC Milan) Clarence Seedorf
67%
103 (Atletico Madrid) Koke
67%
103 ( FC Bayern Munich) Oliver Kahn
67%
108 (Borussia Dortmund / Manchester City / FC Barcelona / Galatasaray) İlkay Gündoğan
66%
122 (FC Bayern Munich / Real Madrid) David Alaba
64%
120 (Real Madrid / Fenerbahçe) Roberto Carlos
63%
109 (Manchester United) Gary Neville
60%
102 (Real Madrid) Marcelo
60%
104 (FC Barcelona / Arsenal / Chelsea) Cesc Fabregas
59%
108 (Arsenal / Chelsea / AS Roma) Ashley Cole
55%
103 (Shakhtar Donetsk / Manchester City) Fernandinho
54%
108 (AS Monaco / Manchester United / Juventus) Patrice Evra
49%
No matching quizzes found
Score Distribution
Percent of People with Each Score
Percentile by Number Answered
Your Score History
You have not taken this quiz